000 00636nam a2200193 a 4500
001 000020704
005 20200930011141.0
008 100812s1997 dr 000 0 spa d
040 _aDO-SdBNP
_bspa
_cBPJMB
082 _a372.61
_bG939r
100 1 _aGuevara, Nicolás,
_922224
245 1 0 _aRepensando el aprendizaje de la lengua /
_cNicolás Guevara.
260 _aSanto Domingo :
_bCentro Poveda,
_c1997.
300 _a52 p. ;
_c27 cm.
490 1 _aCuadernos de Sociedad y Educación
_v8
650 4 _aEspañol
_xEnseñanza
_9406
650 4 _aGramática
_xEnseñanza
_927960
830 0 _aCuadernos de Sociedad y Educación ;
_v8
_936776
999 _c20208
_d20208